|
|
|
|
| LEADER |
00000nab a2200000 a 4500 |
| 001 |
vtls000884053 |
| 003 |
SK-MaSNL |
| 005 |
20260302165607.0 |
| 008 |
160401c2004 xo 0 slo |
| 015 |
|
|
|a SNBRB2004/09-26244
|
| 035 |
|
|
|a CLN000235520
|
| 040 |
|
|
|a SNKBUCL
|b slo
|c SNKBUCL
|e AACR2
|
| 041 |
0 |
|
|a slo
|
| 044 |
|
|
|a xo
|c SK
|
| 080 |
|
|
|a 355.48(438)
|2 1997
|
| 080 |
|
|
|a 94(438):940.53
|2 1997
|
| 100 |
1 |
|
|a Greguš, Peter,
|d 1946-
|4 aut
|9 104052
|
| 245 |
1 |
0 |
|a Operácia "Búrka"
|b potlačenie Varšavského povstania
|c Peter Greguš
|
| 300 |
|
|
|b Fotogr.
|
| 650 |
0 |
7 |
|a Varšavské povstanie (1944 : Varšava, Poľsko)
|2 snkbucl
|9 25948
|
| 651 |
|
7 |
|a Poľsko
|x dejiny
|y 1939-1944
|2 snkbucl
|9 870438
|
| 655 |
|
7 |
|a články z novín a časopisov
|2 snkbucl
|9 267496
|
| 773 |
0 |
|
|x 1336-468X
|t Slovo. Spoločensko-politický týždenník
|g Roč. VI, č. 31 (2004), s. 12
|
| 850 |
|
|
|a Slovenská národná knižnica v Martine
|
| 852 |
|
|
|a SNK
|b KIS3GCP
|
| 958 |
|
|
|a PL
|
| 958 |
|
|
|a RBX
|
| 999 |
|
|
|c 1390457
|d 1392387
|